| 000 | 01009cam a2200313 i 4500 | ||
|---|---|---|---|
| 001 | 200453878 | ||
| 003 | TR-AnTOB | ||
| 005 | 20250805084530.0 | ||
| 007 | ta | ||
| 008 | 010111s2000 tr 00000 tur | ||
| 020 | _a9756760060 | ||
| 040 |
_aTR-AnTOB _beng _erda _cTR-AnTOB |
||
| 041 | 0 | _atur | |
| 050 | 1 | 4 |
_aKKX770 _b.A9343 2000 |
| 090 |
_aKKX770 _b.A9343 2000 |
||
| 100 | 1 | 0 |
_aAybay, Aydın, _d1929-2013 _eauthor _961049 |
| 245 | 1 | 0 |
_aMiras hukuku dersleri / _cAydın Aybay. |
| 264 | 1 |
_aİstanbul: _bMaltepe Üniversitesi Hukuk Fakültesi, _c2000. |
|
| 300 |
_a118 pages ; _c24 cm |
||
| 336 |
_2rdacontent _atext _btxt |
||
| 337 |
_2rdamedia _aunmediated _bn |
||
| 338 |
_2rdacarrier _avolume _bnc |
||
| 440 |
_aMaltepe Üniversitesi Yayınları No: _v7. _v2. |
||
| 490 | 0 |
_aMaltepe Üniversitesi Yayınları : _x7 _aHukuk Fakültesi Yayınları ; _v2 |
|
| 650 | 0 |
_aMiras (Hukuk) _957972 _zTürkiye |
|
| 650 | 0 |
_aVeraset ve intikal _zTürkiye _9111435 |
|
| 942 |
_2lcc _cBK |
||
| 999 |
_c200453878 _d72090 |
||